Brand placement: integración de marcas en la ficción audiovisual. Evolución, casos, estrategias y tendencias

Saved in:
Bibliografiske detaljer
Main Authors: Pino, Cristina del (Author), Olivares, Fernando (Author)
Format: Bog
Sprog:spansk
Udgivet: Barcelona Gedisa S. A 2006
Udgivelse:1a. ed
Serier:Estudios de Televisión, 25
Fag:
Tags: Tilføj Tag
Ingen Tags, Vær først til at tagge denne postø!

MARC

LEADER 00000cam a2200000 a 4500
001 UCC5835
003 CL-VaPUC
008 181031e20060000sp |||||||||||||||||spa|d
020 |a 8497841611 
082 0 4 |a 658.827  |b PIN  |2 21 
100 0 |a Pino, Cristina del  |e author  |9 600232 
700 0 |a Olivares, Fernando  |e author  |9 600233 
245 1 0 |a Brand placement: integración de marcas en la ficción audiovisual. Evolución, casos, estrategias y tendencias 
250 |a 1a. ed 
300 |a 265 p 
942 |c BK 
945 |d 20181031 17:21:00  |a dcastane 
260 |a Barcelona  |b Gedisa S. A  |c 2006 
650 0 |a Marcas comerciales   |9 386702 
650 0 |a Marketing  |9 259324 
650 0 |a Planificación estratégica   |9 259735 
583 |a last modification  |c 20181031 17:21:00  |k Rodrigo Vera 
490 0 |a Estudios de Televisión, 25 
999 |c 372944  |d 372942 
952 |0 0  |1 0  |3 erb  |4 0  |6 658_827000000000000_PIN_2006  |7 0  |8 A  |9 490836  |a BIBCUR  |b BIBCUR  |i 5511186  |o 658.827 PIN 2006  |p 5511186  |r 2025-04-22  |w 2019-11-24  |y BK  |z Catalogado en:20181031  |k PER